| 000 | 01058cab a2200289 4500 | ||
|---|---|---|---|
| 001 | ABS57266 | ||
| 008 | 090401t1997 xxu||||| |||| 00| 0 eng d | ||
| 035 | _a(Sirsi) u79968 | ||
| 041 | _aeng | ||
| 245 | _aWhat goes up... | ||
| 260 | _c1997 | ||
| 350 | _a0 | ||
| 490 |
_aEstates Gazette _v(9730) 26 July 1997, 54-60(7) |
||
| 520 | _aSpecial analysis that charts the course of the boom, bust and recovery of the property market over the last ten years. Considers ambitious projects that never got off the ground, how the fortunes of the top three developers reflect the overall moves, and whether as the market begins to see rents and values rising in 1997, it could all happen again. | ||
| 650 | _a1980S | ||
| 650 | _a1990S | ||
| 650 | _aBOOM-BUST CYCLE | ||
| 650 | _aDEVELOPMENT PROJECTS | ||
| 650 | _aLONDON | ||
| 650 | _aPROPERTY CYCLE | ||
| 650 | _aPROPERTY DEVELOPERS | ||
| 650 | _aPROPERTY MARKET | ||
| 650 | _aRECOVERY | ||
| 690 | _aPROPERTY-COMMERCIAL PROPERTY-COMMERCIAL PROPERTY MARKET | ||
| 942 | _n0 | ||
| 948 | _c29/07/1997 | ||
| 999 |
_c50324 _d50324 |
||